Wordt geladen...

nalkuka dugham veendum /

Bibliografische gegevens
Hoofdauteur: George, Irumbayam
Taal:Undetermined
Gepubliceerd in: Kochi : Poornodaya Books , 1995.
LEADER 00579nam a2200145Ia 4500
001 56148
008 170722s9999 xx 000 0 und d
100 |a George, Irumbayam 
245 |a nalkuka dugham veendum / 
260 |a Kochi :  |b Poornodaya Books ,  |c 1995. 
300 |a 68 p.  |c 21.5cms 
942 |c GEN 
999 |c 115602  |d 115602 
952 |0 0  |1 0  |4 0  |6 O_321N38X_N5N51  |7 0  |9 163151  |a LIB  |b LIB  |d 2017-08-12  |o O32,1N38x N5-N5;1  |p 224737  |r 2017-08-12  |v 25.00  |w 2017-08-12  |y GEN 
952 |0 0  |1 0  |4 0  |6 O_321N38X_N5N51  |7 0  |9 163152  |a LIB  |b LIB  |d 2017-08-12  |o O32,1N38x N5-N5;1  |p 224738  |r 2017-08-12  |v 25.00  |w 2017-08-12  |y GEN